000 00649nam a2200193Ia 4500
008 151121s9999||||xx |||||||||||||| ||und||
082 _a831/चतुर्वे
082 _bHNW-64660
100 _aचतुर्वेदी संजय
245 _aप्रकाशवर्ष
260 _b"आधार प्रकाशन, पंचकुला-हरियाणा"
260 _c--
300 _a79
600 _aचतुर्वेदी संजय
630 _aप्रकाशवर्ष
700 _aचतुर्वेदी संजय
730 _aप्रकाशवर्ष
942 _cBOOK
999 _c1246186
_d1246183